01187cam a2200325 a 450000100100000000500170001000800410002702000150006804000290008308200180011224502400013026000310037030000210040149000100042250400290043261000450046165000510050665000410055770000180059870000210061670000220063770000200065970000260067970000220070570000200072770000180074770000210076571000650078683000100085100001296620200929163118.0900315s1989 sp b 001 0 spa d a8475841082 aDO-SdBNPbspacLCdBNPHU a324.246bP96303aEl proceso del P.O.U.M. (junio de 1937-octubre de 1938) :btranscripción del sumario, juicio oral y sentencia del tribunal especial /cpresentación y notas Victor Alba y Marisa Ardevol ; colaboración Manuel Alberich ... [et al.]. aBarcelona :bLerna,c1989. a577 p. ;c20 cm.1 aFilae aBibliografía: 569-570.20aPARTIDO OBRERO DE UNIFICACIÓN MARXISTA 4aCommunist trialszPartidos PoliticoszEspaña 4aCrimenes de lesa humanidadzEspaña1 aAlba, Victor.1 aArdevol, Marisa.1 aAlberich, Manuel.1 aClop, Salvador.1 aPadrós, Sebastià.1 aPanadés, Enric.1 aRocabert, Joan.1 aRomeu, Pilar.1 aSardà, Rafael.1 aEspaña.bTribunal Especial de Espionaje y Alta Traición. 0aFilae